00471nam a2200193Ia 4500008004100000020001800041050001400059100003000073245002400103245003000127250001900157260001500176260001600191260000900207300001600216300002700232300001000259500000800269170918s9999 xx 000 0 und d a9781416939153 bH126 2008 aHaddix, Margaret Peterson aPalace of mirrors / cMargaret Peterson Haddix. aFirst edition. aNew York : bScholastic, c2008 a297 pages : bcolored illustration ; c22cm. a820